000 00582nam a2200229Ia 4500
003 OSt
005 20220923211725.0
006 a|||||r|||| 00| 0
007 ta
008 Pun
024 _a43,458
037 _cTextual
040 _aARTS
_cARTS
_bPun
041 _2Pun
_aPun
082 _aO153,3N09,JJ, J9
100 _aਸਿੰਘ, ਮੋਹਣ
245 0 _aਜੰਗ ਜਾਂ ਅਮਨ
260 _c1959
650 _aਪੰਜਾਬੀ ਸਾਹਿਤ
942 _hO153,3N09,JJ, J9
_cTEXL
_2CC
999 _c302902
_d302902